Statistics for Country Neighbour Connect: Most Olympics Gold Medals, starting with USA

Click here to take the quiz!

General Stats

  • This quiz has been taken 98 times
    (92 since last reset)
  • The average score is 59 of 154

Answer Stats

COUNTRY % Correct
United States
100%
Canada
96%
Mexico
81%
Guatemala
70%
Belize (Honduras)
69%
Brazil
55%
Colombia
55%
France
54%
Luxembourg
54%
Germany
54%
Belgium
54%
Netherlands
54%
Panama
53%
Honduras
53%
Nicaragua
53%
Kazakhstan
50%
China
50%
Russia
50%
Costa Rica
50%
Kyrgyzstan
49%
Tajikistan
49%
Uzbekistan
49%
Poland
49%
Hungary
47%
Austria
47%
Italy
47%
Romania
47%
Bulgaria
47%
Afghanistan
47%
Iran
47%
Croatia
46%
Turkey
46%
Slovenia
46%
Switzerland
45%
Liechtenstein
45%
Montenegro
43%
Greece
43%
Serbia
43%
Slovakia
42%
Bosnia and Herzegovina
42%
Kosovo
42%
Macedonia
42%
Albania
42%
Israel
41%
Syria
41%
Armenia
41%
Ethiopia
41%
Kenya
41%
Georgia
41%
Sudan
41%
Egypt
41%
Czech Republic
41%
San Marino
41%
Lithuania
41%
Belarus
41%
Latvia
41%
Estonia
41%
Zimbabwe
39%
Moldova
39%
Botswana
39%
Zambia
39%
Mozambique
39%
Namibia
39%
South Africa
39%
Tanzania
39%
Ukraine
39%
Azerbaijan
39%
Uganda
39%
Vatican City
39%
Senegal
38%
Portugal
38%
Mauritania
38%
Ghana
38%
Andorra
38%
Burkina Faso
38%
Guinea (Sierra Leone)
38%
Liberia
38%
Benin
38%
Togo
38%
Spain
38%
Niger
38%
Cameroon
38%
Republic of the Congo
38%
Angola
38%
Algeria
38%
Nigeria
38%
Morocco
38%
Ireland
38%
United Kingdom
38%
Central African Republic
36%
Democratic Republic of the Congo
36%
Guinea-Bissau
36%
Côte d'Ivoire
36%
Rwanda
35%
Burundi
35%
Chad
35%
Tunisia
35%
Sierra Leone
35%
Gambia
35%
Mali
35%
Libya
34%
Malawi
31%
Equatorial Guinea
31%
Gabon
31%
Oman
30%
United Arab Emirates
30%
Yemen
30%
Saudi Arabia
30%
Iraq
30%
Kuwait
30%
Qatar
30%
Lesotho (Swaziland)
30%
Lebanon
28%
Jordan
28%
Swaziland
28%
South Sudan
28%
Somalia
28%
Djibouti
28%
East Timor
27%
Brunei
27%
Cambodia (Laos)
27%
Laos
27%
Papua New Guinea
27%
Bhutan
27%
Vietnam
27%
Nepal
27%
Pakistan
27%
Eritrea
27%
Indonesia
27%
India
27%
Malaysia
27%
Thailand
27%
Burma (Nepal)
27%
Mongolia
26%
South Korea
26%
Bangladesh
26%
North Korea
26%
Finland
24%
Sweden
24%
Norway
24%
Turkmenistan
24%
Venezuela
23%
Guyana
23%
Denmark
23%
Suriname
23%
Uruguay
22%
Paraguay
22%
El Salvador
22%
Bolivia
22%
Argentina
22%
Monaco
22%
Chile
22%
Peru
22%
Ecuador
22%

Score Distribution

Percentile by Number Answered

Percent of People with Each Score

Your Score History

You have not taken this quiz since the last reset